Πρωτεύουσες της Βόρειας Αμερικής - Statistics

General Stats
  • This quiz has been taken 288 times
  • The average score is 15 of 23
Answer Stats
Χώρα Πρωτεύουσα % Correct
ΗΠΑ Ουάσινγκτον Π.Κ
96%
Καναδάς Οττάβα
92%
Κούβα Αβάνα
91%
Μεξικό Πόλη του Μεξικού
90%
Παναμάς Πόλη του Παναμά
82%
Ελ Σαλβαδόρ Σαν Σαλβαδόρ
78%
Νικαράγουα Μανάγουα
74%
Γουατεμάλα Πόλη της Γουατεμάλας (Σιουδάδ δε Γουατεμάλα)
71%
Κόστα Ρίκα Σαν Χοσέ
68%
Αϊτή Πορτ-ο-Πρενς
65%
Ονδούρα Τεγκουσιγκάλπα
64%
Τζαμάικα Κίνγκστον
63%
Δομινικανή Δημοκρατία Άγιος Δομίνικος (Σάντο Ντομίνγκο)
60%
Αγία Λουκία Κάστριες
56%
Δομίνικα Ροζό
56%
Μπελίζ Μπελμοπάν
56%
Μπαχάμες Νασσάου (Νάσω)
54%
Άγιος Βικέντιος και Γρεναδίνες Κίνγκσταουν
50%
Άγιος Χριστόφορος και Νέβις Μπαστέρ
50%
Μπαρμπάντος Μπρίτζταουν
49%
Τρινιντάντ και Τομπάγκο Πορτ οφ Σπέιν
48%
Αντίγκουα και Μπαρμπούντα Σαιντ Τζονς
46%
Γρενάδα Σαιντ Τζωρτζ'ς
40%
No matching quizzes found
Score Distribution
Percent of People with Each Score
Percentile by Number Answered
Your Score History
You have not taken this quiz